| 000 | 00617nam a2200229 a 4500 | ||
|---|---|---|---|
| 001 | BRCA_4140 | ||
| 005 | 20190320204547.0 | ||
| 008 | 150410s1778----fr-a######---#000-0#fre-# | ||
| 041 | _afre | ||
| 044 | _afr | ||
| 050 | 4 |
_aE18 _b.R63 1778 |
|
| 100 | 1 |
_aRobertson, William _910653 |
|
| 245 | 1 | 0 |
_aL´Histoire de l´Amérique _cM. Robertson. |
| 260 |
_aParís _bPanckoucke _c1778 |
||
| 300 |
_a4 v. _bil. _c17 cm. |
||
| 500 | _aEdición traducida del inglés | ||
| 500 | _aC169 | ||
| 651 | 4 |
_aAmérica _xDecubrimiento y exploración _910685 |
|
| 651 | 4 |
_aAmérica _xHistoria _92377 |
|
| 902 | _aGFM | ||
| 942 |
_2lcc _cB |
||
| 999 |
_c3856 _d3856 |
||